| 000 | 01474cam a22003977a 4500 | ||
|---|---|---|---|
| 003 | CHAP | ||
| 005 | 20220817043029.0 | ||
| 008 | 971010s1981 r 00010 d | ||
| 010 | _a63339 | ||
| 011 | _a64311 | ||
| 035 | _a69604 | ||
| 040 | _cCHAP | ||
| 090 | _aFolleto 1427 | ||
| 100 | 0 | 0 |
_aMata García, Bernardino. _972863 |
| 245 | 1 | 3 | _aUn modelo alternativo a la educación y capacitación campesina en México |
| 260 |
_aChapingo, Méx. : _bUACH. Dirección de Difusión Cultural, _c1981 |
||
| 300 | _a62 p. | ||
| 590 |
_aBATCH-UPD _b10 _c20130110 _lUCH01 _h1014 |
||
| 590 |
_aBATCH-UPD _b10 _c20130410 _lUCH01 _h0621 |
||
| 590 |
_aBATCH-UPD _b10 _c20130914 _lUCH01 _h0828 |
||
| 590 |
_aCONVERSION _b10 _c20130109 _lUCH01 _h1334 |
||
| 650 | 1 | 4 |
_aCampesinado _zMéxico. |
| 650 | 1 | 4 |
_aEducación de adultos. _935562 |
| 650 | 1 | 4 |
_aEducación rural. _935586 |
| 650 | 1 | 4 |
_aExtensión agrícola _xMéxico. _939173 |
| 710 | 0 | _aUACH. Departamento de Sociología Rural. | |
| 710 | 0 |
_aUACH. Departamento de Trabajos de Campo Universitarios. _9115896 |
|
| 710 | 0 | _aUACH. Dirección de Difusión Cultural. | |
| 901 | _aBK | ||
| 942 | _cFOLL | ||
| 949 |
_aFolleto 1427 _bBC _cFOLL _d-146697 _eTS1 _i69604 _si |
||
| 949 |
_aFolleto 1427 _bBC _cFOLL _d-146698 _eTS2 _fc.2 _i69604 _si |
||
| 949 |
_aFolleto 1427 _bBC _cFOLL _d-146699 _eTS2 _fc.3 _i69604 _si |
||
| 949 |
_aFolleto 1427 _bBC _cFOLL _d-146701 _eTS2 _fc.5 _i69604 _si |
||
| 949 |
_aFolleto 1427 _bBC _cUACH _d-146700 _eUACH _fc.4 _i69604 _si |
||
| 999 |
_c63339 _d63339 |
||